000 01042nmc a2200361 a 4500
003 AR-BaBNM
005 20251128203834.0
008 236019s1954 ||||||||||||||000 | spa||
040 _cAR-BaBNM
100 1 _aAnderson Imbert, Enrique
245 1 0 _aEstudios sobre escritores de América
260 _aBuenos Aires
_bRaigal
_c1954
300 0 _a222 p.
490 0 _aBiblioteca Juan María Gutiérrez
500 0 _aContiene índice y referencia de cada uno de los estudios
600 1 4 _aCasas, Bartolomé de Las
600 1 4 _aSarmiento, Domingo Faustino
_d1868-1874
600 1 4 _aEcheverría, Esteban
_d1805-1851
600 1 4 _aIsaacs, Jorge
600 1 4 _aMarti, José
600 1 4 _aHenriquez Ureña, Pedro
650 4 _aLITERATURA LATINOAMERICANA
650 4 _aESCRITORES
650 4 _aANALISIS LITERARIO
650 4 _aENSAYO
650 4 _aHISTORIA LITERARIA
650 4 _aROMANTICISMO
653 0 _aMODERNISMO
655 _aLITERATURA
800 1 _aGhiano, Juan Carlos
_edirector
942 _cBK
998 _cisola
999 _c5120
_d5120